000
00282nam a2200121 a 4500
008
100917s1986|||| d
100
1
_a
Dangulov, Savva
245
1
0
_a
Ranná omša v Rapalle
260
_b
Pravda
_a
Bratislava
_c
1986
020
_c
28
044
_a
xo
_c
SK
041
_a
slo
999
_c
10436
_d
10436